Дело о службе музыканта Готфрида Шефера

Доступно только в Электронных читальных залах Найти на картеНа карте
RUSMARC
00004021nmc2a22000003x 450
001b24e5f8d-8088-4158-8b2c-32b9d9c30d81
00520181010020138.0
100##$a20161223l18221834k l0rusy0189 ca
1010#$arus
102##$aRU
2001#$aДело о службе музыканта Готфрида Шефера
$j8 октября 1822 г. - 1 августа 1834 г.
251##$cДело
300##$aДело
300##$aОриг. заголовок дела: Дело об определении и увольнении вовсе от службы Дирекции музыканта пенсионера тромбониста Шефер. 8 октября 1822 г. - 1 августа 1834 г
801#0$aRU
$bРГИА
$c20161223
$gRCR
801#1$aRU
$bГлавНИВЦ
$c20161223
$2rusmarc
801#2$aRU
$bПБ им. Б.Н. Ельцина
$c20181010
$gRCR
$2rusmarc
850##$aРГИА
852##$aРГИА
$eФедеральное казенное учреждение "Российский государственный исторический архив" (РГИА)
$j2258
937##$hРГИА
$d12236505
$aASBIBLIO_SCAN
462#0$1001dd3991dc-24e1-42ec-8838-ca4255420416
$12001
$a1746-1850 гг.
$1251
$cОпись
$1852
$j1
461#0$10019264ebf8-de62-4f1a-9eb4-9f22098dbbd5
$12001
$aДирекция императорских театров МИДв
$1251
$cФонд
$1852
$j497
215##$a15 л.
$d36,5х26 см
371##$aДокумент не является опубликованным и широко распространяемым
105##$ay###
1222#$ad
5171#$aДело об определении и увольнении вовсе от службы Дирекции музыканта пенсионера тромбониста Шефер. 8 октября 1822 г. - 1 августа 1834 г
035##$ab24e5f8d-8088-4158-8b2c-32b9d9c30d81
856##$uhttp://readingroom.main.prlib.ru/item.aspx?id_node=n119123522&mode=full
Формат отображения